| 000 | 00344nam a22000857a 4500 | ||
|---|---|---|---|
| 008 | 230211b ||||| |||| 00| 0 eng d | ||
| 100 | _aVallancey, F. Hugh | ||
| 245 |
_aA Guide to Philatelic Literature _bIn Three Sections: Great Britain, British Empire, Foreigh Countries |
||
| 650 | _aPhilatelic Literature|Great Britain|British Empire|Foreign Countries | ||
| 999 |
_c3494 _d3494 |
||